000 00968nam a22002297a 4500
003 OSt
005 20250911170105.0
008 240222b ||||| |||| 00| 0 eng d
040 _c0
082 _aDPer 621.317 Ie21 May 2022 v. 37 n. 5
100 _aZhao, Shuyan.
_eauthor.
_953143
245 _aImplementing symmetrical structure in MOV-RCD snubber-based DC solid-state circuit breakers /
_cShuyan Zhao, Reza Kheirollahi, Yao Wang, Hua Zhang, and Fei Lu.
260 _aNew York ;
_bThe Institute of Electrical and Electronics Engineers, Inc. ,
_cMay 2022.
300 _aVolume 37, pages 6051-6061 :
_b illustration ;
_c28 cm.
500 _aIEEE Transactions on Power Electronics, vol. 37, no. 5, pages 6051-6061, May 2022.
700 _aZhao, Shuyan.
_eauthor.
_953143
700 _aKheirollahi, Reza.
_eauthor.
_953144
700 _aWang, Yao.
_eauthor.
_953145
700 _aZhang, Hua.
_eauthor.
_953146
700 _aLu, Fei.
_eauthor.
_953147
942 _2ddc
_cPER
999 _c19312
_d19312